01431nab a22002777a 4500999001500000003000400015005001700019008004100036040000700077100003600084245015400120260007300274300001300347500003700360505024300397505008200640650002300722650002600745650005800771650004600829650002300875650003900898650004600937773015700983942001301140 c5660d5660OSt20251226124415.0190429b xxu||||| |||| 00| 0 spa d cPJ 95732aÁlvarez, Javier Teodoro13aLa vigencia de la acción penal en casos de abusos sexuales contra NNyA. Comentarios a la sentencia "Ilarraz" de la CS / cJavier Teodoro Álvarez. cCiudad Autónoma de Buenos Aires :aThomson Reuters La Ley, b2025. ap. 15-23 aCita: TR LALEY AR/DOC/2200/2025. aSumario: I. Introducción.— II. Los delitos sexuales y la prescripción de la acción penal.— III. Los principales argumentos para sostener la vigencia de la acción penal.— IV. La decisión de la CS.— V. Reflexiones finales. tSi te interesa el texto completo, solicitalo a koha@justierradelfuego.gov.ar  09343aDERECHO PENAL 09614aDERECHOS HUMANOS 092741aDERECHOS DE LAS NIÑAS, NIÑOS Y ADOLESCENTES 092902aDELITOS CONTRA LA INTEGRIDAD SEXUAL 092903aABUSO SEXUAL 096334aCRÍMENES DE LESA HUMANIDAD 093902aPRESCRIPCIÓN DE LA ACCIÓN PENAL0 0265893164tRevista de derecho penal y criminología. Nº 9 - Octubre 2025dCiudad Autónoma de Buenos Aires : Thomson Reuters La Ley, 2017-x00347914 2udccANA